Data structures and algorithms in Java (Record no. 6963)

000 -LEADER
fixed length control field 00611 a2200205 4500
020 ## - INTERNATIONAL STANDARD BOOK NUMBER
International Standard Book Number 0-672-32453-9
040 ## - CATALOGING SOURCE
Original cataloging agency DLC
Language of cataloging DLC
082 04 - DEWEY DECIMAL CLASSIFICATION NUMBER
Classification number 005.73
082 04 - DEWEY DECIMAL CLASSIFICATION NUMBER
Classification number 005.133
100 1# - MAIN ENTRY--PERSONAL NAME
Personal name Lafore, Robert
245 10 - TITLE STATEMENT
Title Data structures and algorithms in Java
Statement of responsibility, etc. Robert Lafore.
250 ## - EDITION STATEMENT
Edition statement 2. uppl.
260 ## - PUBLICATION, DISTRIBUTION, ETC.
Place of publication, distribution, etc. NewDelhi :
Name of publisher, distributor, etc. Waite Group Press Techmedia,
Date of publication, distribution, etc. 2002
300 ## - PHYSICAL DESCRIPTION
Extent xix, 776 s. :
Other physical details ill.
500 ## - GENERAL NOTE
General note Previous ed.: Corde Madera, Calif.: Waite, 1998.
650 #0 - SUBJECT ADDED ENTRY--TOPICAL TERM
Topical term or geographic name entry element Java (Computer program language)
650 #0 - SUBJECT ADDED ENTRY--TOPICAL TERM
Topical term or geographic name entry element Data structures (Computer science)
650 #0 - SUBJECT ADDED ENTRY--TOPICAL TERM
Topical term or geographic name entry element Algorithms.
942 ## - ADDED ENTRY ELEMENTS (KOHA)
Koha item type Book
Call number prefix 005.73 LAF
Source of classification or shelving scheme
Holdings
Withdrawn status Lost status Damaged status Not for loan Collection code Permanent Location Current Location Shelving location Date acquired Source of acquisition Total Checkouts Full call number Barcode Date last seen Date last checked out Price effective from Koha item type
          Central Library (CL) Central Library (CL) First Floor - Operating System/ Data Structure 09/10/2001 Donation 3 005.73 LAF SEECS001349 09/21/2016 09/21/2016 01/05/2017 Book
© 2023 Central Library, National University of Sciences and Technology. All Rights Reserved.